Statystyki dla Dynastie polski

Kliknij tutaj aby rozwiązać quiz!

Ogólne statystyki

  • Ten quiz został rozwiązany 841 razy
  • Średni wynik to 6 z 13

Statystyki odpowiedzi

PodpowiedźOdpowiedź% Poprawnych
Pierwsza dynastia w PolscePiast
99%
Wywodzili się z LitwyJagiellonowie
72%
Zapoczątkowali potopWazowie
60%
Jej przedstawiciel pokonał Turków pod WiedniemSobiescy
54%
Władca z tej dynastii pochodził z SiedmiogroduBatory
52%
Zapoczątkowali unie z WęgramiAndegawenowie
49%
Ostatnia dynastia wywodząca się z PolskiPoniatowscy
49%
Jedyna francuska dynastia na polskim tronieWalezjusze
41%
Dynastia pochodzenia czeskiegoPrzemyślidzi
34%
Jednocześnie carowie RosjiRomanowowie
31%
Zapoczątkowana przez syna Młota na KozakówWiśniowieccy
29%
Byli jednocześnie elektorami w SaksoniiWettynowie
28%
Jedyny przedtsawiciel rządzil też w LotaryngiiLeszczyńscy
25%

Rozkład punktacji

Percentyl według liczby udzielonych odpowiedzi

Procent ludzi z każdym wynikiem

Twoja historia wyników

Nie rozwiązałeś tego quizu